Los nuevos movimientos sociales y el movimiento de mujeres en El Salvador /

En este artículo se aporta al estudio de los llamados 'nuevos movimientos sociales' a partir del significado del movimiento de mujeres en El Salvador. La autora hace un abordaje sistemático de la historia de dicho movimiento y aporta un balance crítico acerca del mismo.

Salvato in:
Dettagli Bibliografici
Autore principale: Navas, María Candelaria
Natura: testo
Soggetti:
Tags: Aggiungi Tag
Nessun Tag, puoi essere il primo ad aggiungerne!!

MARC

LEADER 00000 a a2200000 04500
001 41421
003
040
100 |a Navas, María Candelaria  
245 |a Los nuevos movimientos sociales y el movimiento de mujeres en El Salvador /  |c María Candelaria Navas  
520 |a En este artículo se aporta al estudio de los llamados 'nuevos movimientos sociales' a partir del significado del movimiento de mujeres en El Salvador. La autora hace un abordaje sistemático de la historia de dicho movimiento y aporta un balance crítico acerca del mismo.  
650 |a MOVIMIENTOS SOCIALES7/EL SALVADOR/HISTORIA SOCIAL  
773 |g número113 ( , 2007), páginas 363-375  
999 |c 37875  |d 37875